000
00261nam a22001217a 4500
008
180216b xxu||||| |||| 00| 0 eng d
041
_a
eng
080
_a
53
100
_a
43
101
_a
fiz
245
_a
fundamentals of physics
_c
henry,s
942
_2
udc
_c
BK
999
_c
42745
_d
42745